[Event "2023 Fred Maris Cup (Division A)"]
[Site "Woodvale, Perth WA AUS"]
[Date "2023.06.28"]
[Round "3"]
[White "Maris, Rob"]
[Black "Plaganyi, Gyula"]
[Result "1/2-1/2"]
[WhiteElo "2044"]
[BlackElo "1972"]
[BlackTitle "CM"]
[PlyCount "108"]
[EventDate "2023.06.14"]
[EventType "tourn"]
[EventRounds "5"]
[EventCountry "AUS"]
[TimeControl "3000+30"]

1. c4 e5 2. Nc3 Nc6 3. g3 g6 4. Bg2 Bg7 5. Rb1 d6 6. b4 h5 7. b5 Nce7 8. h4 Nf6
9. Ba3 O-O 10. d3 c6 11. Nf3 Qc7 12. Qb3 Rd8 13. e4 Bg4 14. O-O Bxf3 15. Bxf3
Nd7 16. Rfd1 c5 17. Bg2 b6 18. Bc1 Kh7 19. Rf1 Rf8 20. f4 Rae8 21. f5 Nf6 22.
Rb2 Neg8 23. Bh3 Bh6 24. Qd1 Bxc1 25. Qxc1 Nh6 26. fxg6+ fxg6 27. Rbf2 Qg7 28.
Qg5 Nhg4 29. Rf3 Kg8 30. Bxg4 Nxg4 31. Rxf8+ Rxf8 32. Rxf8+ Kxf8 33. Qd8+ Kf7
34. Qd7+ Kg8 35. Qxg7+ Kxg7 36. Nd5 Kf7 37. a4 Nf6 38. Nc7 Ne8 39. Na6 Kf6 40.
Nb8 Nc7 41. Nc6 a6 42. Nb8 axb5 43. cxb5 Ke6 44. Kf2 d5 45. Ke3 d4+ 46. Kd2 Ne8
47. Nc6 Nd6 48. Kc2 c4 49. Nb4 c3 50. Nd5 Nc8 51. Kb3 Kd6 52. Kc2 Kc5 53. Kb3
Kd6 54. Kc2 Kc5 1/2-1/2

[Event "2023 Fred Maris Cup (Division A)"]
[Site "Woodvale, Perth WA AUS"]
[Date "2023.06.28"]
[Round "3"]
[White "Maggs, Derwent"]
[Black "Saxon, Marc"]
[Result "1-0"]
[WhiteElo "2251"]
[BlackElo "2053"]
[PlyCount "57"]
[EventDate "2023.06.14"]
[EventType "tourn"]
[EventRounds "5"]
[EventCountry "AUS"]
[TimeControl "3000+30"]

1. d4 Nf6 2. c4 g6 3. Nc3 d5 4. cxd5 Nxd5 5. e4 Nxc3 6. bxc3 Bg7 7. Bc4 c5 8.
Ne2 Nc6 9. Be3 O-O 10. O-O Bg4 11. f3 Na5 12. Bd3 cxd4 13. cxd4 Be6 14. d5 Bxa1
15. Qxa1 f6 16. Bh6 Re8 17. Kh1 Rc8 18. Nf4 Bd7 19. e5 Nc4 20. e6 Bb5 21. Qe1
Kh8 22. Nxg6+ hxg6 23. Bxg6 Ne5 24. Be4 Bxf1 25. Qh4 Bxg2+ 26. Kxg2 f5 27. Bf4+
Kg8 28. Bxe5 Rf8 29. Qh8# 1-0

[Event "2023 Fred Maris Cup (Division A)"]
[Site "Woodvale, Perth WA AUS"]
[Date "2023.06.28"]
[Round "3"]
[White "Lakner, Jay"]
[Black "Gibson, Jacob"]
[Result "0-1"]
[WhiteElo "2144"]
[BlackElo "1987"]
[PlyCount "58"]
[EventDate "2023.06.14"]
[EventType "tourn"]
[EventRounds "5"]
[EventCountry "AUS"]
[TimeControl "3000+30"]

1. c4 e6 2. Nc3 d5 3. d4 c6 4. e4 dxe4 5. Nxe4 Bb4+ 6. Bd2 Qxd4 7. Bxb4 Qxe4+
8. Be2 Na6 9. Ba5 b6 10. Qd6 e5 11. Rd1 Bf5 12. Bc3 Ne7 13. Kf1 Nc5 14. Bb4 Qc2
15. Nf3 Qxb2 16. Bxc5 bxc5 17. Nxe5 O-O 18. g4 f6 19. Nd3 Bxd3 20. Rxd3 Rae8
21. Qe6+ Kh8 22. Re3 Qb8 23. Qd7 Ng6 24. Rb3 Qe5 25. Qd2 Nf4 26. Re3 Qa1+ 27.
Bd1 Rd8 28. Re8 Rfxe8 29. Qxf4 Rxd1+ 0-1

[Event "2023 Fred Maris Cup (Division B)"]
[Site "Woodvale, Perth WA AUS"]
[Date "2023.06.28"]
[Round "3"]
[White "Gough, Dylan"]
[Black "Clarke, Daniel"]
[Result "0-1"]
[WhiteElo "1762"]
[BlackElo "1902"]
[PlyCount "120"]
[EventDate "2023.06.14"]
[EventType "tourn"]
[EventRounds "5"]
[EventCountry "AUS"]
[TimeControl "3000+30"]

1. d4 d5 2. Bf4 Nf6 3. Nf3 c5 4. e3 Nc6 5. h3 e6 6. Bb5 Qa5+ 7. Nc3 Ne4 8.
Bxc6+ bxc6 9. O-O Nxc3 10. Qe1 Ba6 11. Qxc3 Qxc3 12. bxc3 Bxf1 13. Kxf1 cxd4
14. cxd4 f6 15. Rb1 Kf7 16. Rb7+ Be7 17. Bd6 Rhe8 18. Rc7 Rac8 19. Rxa7 Ra8 20.
Rc7 Rxa2 21. Bxe7 Rxe7 22. Rxc6 Raa7 23. Ne1 Rec7 24. Rb6 Ke7 25. Ke2 Kd7 26.
Kd2 Rcb7 27. Rxb7+ Rxb7 28. Nd3 Rb1 29. Ke2 Kc6 30. f4 Kd6 31. Nf2 Rc1 32. Kd3
Rg1 33. g4 Kc6 34. Ke2 Ra1 35. Nd3 Rh1 36. Nf2 Rc1 37. Kd3 Kb5 38. Kd2 Rg1 39.
Kd3 Rg2 40. Ke2 Kc4 41. Kf3 Rg1 42. Nd3 Rb1 43. Nc5 e5 44. fxe5 fxe5 45. Ne6
e4+ 46. Ke2 g6 47. Nf8 Rh1 48. Nxh7 Rh2+ 49. Kd1 Rxh3 50. Nf8 Rxe3 51. Nxg6
Kxd4 52. Ne7 Ke5 53. Ng6+ Kf6 54. Nf4 Ke5 55. Ng6+ Kd4 56. Ne7 Rf3 57. g5 Rf7
58. Nc6+ Ke3 59. Ke1 Rg7 60. Nb4 Rxg5 0-1

[Event "2023 Fred Maris Cup (Division B)"]
[Site "Woodvale, Perth WA AUS"]
[Date "2023.06.28"]
[Round "3"]
[White "De Yaak, Peter"]
[Black "Curthoys, Edward"]
[Result "0-1"]
[WhiteElo "1897"]
[BlackElo "1848"]
[PlyCount "86"]
[EventDate "2023.06.14"]
[EventType "tourn"]
[EventRounds "5"]
[EventCountry "AUS"]
[TimeControl "3000+30"]

1. e4 c6 2. d4 d5 3. e5 c5 4. c3 Nc6 5. Nf3 cxd4 6. cxd4 Bg4 7. Bb5 e6 8. O-O
Bxf3 9. Bxc6+ bxc6 10. Qxf3 Qb6 11. Qd3 Ne7 12. b3 Nf5 13. Be3 c5 14. Nc3 cxd4
15. Na4 Qb7 16. Bxd4 Nxd4 17. Qxd4 Ba3 18. f4 Rc8 19. f5 O-O 20. f6 Rc2 21.
Rad1 Rfc8 22. Rd2 Rc1 23. h3 Rxf1+ 24. Kxf1 Qb4 25. fxg7 Qxd4 26. Rxd4 Kxg7 27.
Rd2 Kg6 28. Kf2 Kf5 29. Re2 h5 30. g3 f6 31. exf6 Kxf6 32. Ke3 e5 33. Kd3 Rc1
34. Rg2 Rh1 35. h4 Bb4 36. Nc3 Bxc3 37. Kxc3 e4 38. a4 Ke5 39. b4 d4+ 40. Kc2
e3 41. g4 Ke4 42. g5 d3+ 43. Kc3 e2 0-1

[Event "2023 Fred Maris Cup (Division B)"]
[Site "Woodvale, Perth WA AUS"]
[Date "2023.06.28"]
[Round "3"]
[White "Doshi, Chirag"]
[Black "Wolstencroft, Alan"]
[Result "0-1"]
[WhiteElo "1870"]
[BlackElo "1834"]
[PlyCount "50"]
[EventDate "2023.06.14"]
[EventType "tourn"]
[EventRounds "5"]
[EventCountry "AUS"]
[TimeControl "3000+30"]

1. e4 c5 2. f4 g6 3. Nf3 Bg7 4. c3 Nc6 5. Bb5 e6 6. O-O a6 7. Bxc6 bxc6 8. d4
cxd4 9. cxd4 d5 10. e5 Ne7 11. Nc3 O-O 12. Na4 h5 13. Bd2 Nf5 14. Qe1 a5 15.
Rc1 Bd7 16. Nc5 Qc7 17. Nxd7 Qxd7 18. Bxa5 Qa7 19. Bb4 Rfc8 20. a3 Bf8 21. Bxf8
Kxf8 22. Qf2 Qb6 23. Rc2 Ra4 24. Rd1 Qb3 25. Rc3 Qxd1+ 0-1

[Event "2023 Fred Maris Cup (Division C)"]
[Site "Woodvale, Perth WA AUS"]
[Date "2023.06.28"]
[Round "3"]
[White "Garang, Kuol Awan"]
[Black "Oswald, Franz"]
[Result "1/2-1/2"]
[WhiteElo "1632"]
[BlackElo "1641"]
[PlyCount "138"]
[EventDate "2023.06.14"]
[EventType "tourn"]
[EventRounds "5"]
[EventCountry "AUS"]
[TimeControl "3000+30"]

1. e4 c6 2. f4 d5 3. e5 Bf5 4. Nf3 e6 5. Be2 Nd7 6. Nc3 h5 7. b3 a6 8. Bb2 c5
9. d4 Be7 10. O-O Nh6 11. Kh1 Ng4 12. Qd2 Rc8 13. Rac1 cxd4 14. Nxd4 Bg6 15.
Bd3 Bxd3 16. Qxd3 Bb4 17. Nxe6 fxe6 18. Qg6+ Kf8 19. f5 Ndxe5 20. fxe6+ Nf6 21.
Qg3 Neg4 22. h3 Bd6 23. Qh4 Ne3 24. Rf3 d4 25. Qxd4 Bc5 26. Qe4 Kg8 27. Qxb7
Rc7 28. Qxa6 Qd2 29. Qe2 Qxe2 30. Nxe2 Ba7 31. Bxf6 gxf6 32. Rxf6 Rhh7 33. Nf4
Bd4 34. Rg6+ Rhg7 35. Rxg7+ Rxg7 36. Re1 Nf5 37. Nxh5 Re7 38. c3 Bxc3 39. Rc1
Ba5 40. Rc8+ Kh7 41. Rf8 Kg6 42. Nf4+ Kg5 43. g3 Nxg3+ 44. Kg2 Ne4 45. Rf7 Bb4
46. Kf3 Nd2+ 47. Ke3 Nf1+ 48. Kf2 Nd2 49. h4+ Kh6 50. Rf6+ Kh7 51. Ke3 Nf1+ 52.
Kf3 Nd2+ 53. Kg4 Ne4 54. Rf5 Bd6 55. Rh5+ Kg7 56. Kf3 Nd2+ 57. Kg4 Bxf4 58.
Kxf4 Rxe6 59. Re5 Ra6 60. Rg5+ Kh7 61. Rh5+ Kg7 62. Rb5 Rxa2 63. Rb6 Rb2 64. b4
Nc4 65. Rb7+ Kh6 66. b5 Na3 67. Rb6+ Kh7 68. Rb7+ Kh6 69. Rb6+ Kh7 1/2-1/2

[Event "2023 Fred Maris Cup (Division C)"]
[Site "Woodvale, Perth WA AUS"]
[Date "2023.06.28"]
[Round "3"]
[White "Michael, Ashley"]
[Black "Kerr, Lennon"]
[Result "0-1"]
[WhiteElo "1588"]
[BlackElo "1576"]
[PlyCount "78"]
[EventDate "2023.06.14"]
[EventType "tourn"]
[EventRounds "5"]
[EventCountry "AUS"]
[TimeControl "3000+30"]

1. e4 d5 2. exd5 Nf6 3. Bb5+ Nbd7 4. Nc3 a6 5. Ba4 b5 6. Bb3 Nb6 7. d4 Bb7 8.
Nf3 Nbxd5 9. Nxd5 Nxd5 10. c4 bxc4 11. Ba4+ c6 12. Ne5 Qb6 13. O-O e6 14. Qf3
Qc7 15. Bd2 Bd6 16. Ba5 Bxe5 17. Bxc7 Bxc7 18. Bc2 O-O 19. Qh3 f5 20. Rfe1 Rf6
21. Qf3 Rb8 22. Qe2 c5 23. Qxc4 cxd4 24. Qxd4 Nf4 25. Rac1 Nxg2 26. Bxf5 Nxe1
27. Rxe1 Rxf5 28. Qc4 Rg5+ 29. Kf1 Bg2+ 30. Ke2 Re5+ 31. Kd1 Bf3+ 32. Kc2 Rxe1
33. Qxc7 Re2+ 34. Kc3 Rexb2 35. Qc4 Bd5 36. Qxa6 Rxa2 37. Qd6 Rb3+ 38. Kd4 Ra4+
39. Kc5 Rc4# 0-1

[Event "2023 Fred Maris Cup (Division C)"]
[Site "Woodvale, Perth WA AUS"]
[Date "2023.06.28"]
[Round "3"]
[White "Browning, Thomas"]
[Black "Bhatia, Abhay"]
[Result "0-1"]
[WhiteElo "1620"]
[BlackElo "1678"]
[PlyCount "112"]
[EventDate "2023.06.14"]
[EventType "tourn"]
[EventRounds "5"]
[EventCountry "AUS"]
[TimeControl "3000+30"]

1. d4 d5 2. c4 e6 3. Nf3 Nf6 4. Nc3 Bb4 5. Bg5 O-O 6. Rc1 h6 7. Bf4 Nc6 8. e3
Ne4 9. cxd5 Qxd5 10. a3 Nxc3 11. bxc3 Bxa3 12. Ra1 Be7 13. Bxc7 b6 14. Bxb6
axb6 15. Rxa8 Nxd4 16. Rxc8 Nxf3+ 17. Qxf3 Rxc8 18. Qxd5 exd5 19. Be2 Rxc3 20.
O-O Bc5 21. g3 Rc2 22. Bd3 Rb2 23. Ra1 g6 24. Ra8+ Kg7 25. Rb8 d4 26. exd4 Bxd4
27. Kh1 Rxf2 28. Rd8 Bc5 29. Bc4 h5 30. Rd7 Kf8 31. Rb7 g5 32. Bb5 h4 33. gxh4
gxh4 34. h3 Rb2 35. Bc4 Rf2 36. Bd3 f5 37. Bc4 Rf4 38. Be2 Rf2 39. Bc4 Rf3 40.
Kg2 Rg3+ 41. Kf1 Rxh3 42. Rf7+ Ke8 43. Rxf5 Ke7 44. Kg2 Rg3+ 45. Kf1 h3 46. Rh5
Rf3+ 47. Ke1 Bd6 48. Rh7+ Kd8 49. Ke2 Rf4 50. Bb5 Re4+ 51. Kf3 Rf4+ 52. Ke3 Rb4
53. Rd7+ Kc8 54. Rxd6 Rxb5 55. Rh6 Rb1 56. Kf2 h2 0-1

[Event "2023 Fred Maris Cup (Division D)"]
[Site "Woodvale, Perth WA AUS"]
[Date "2023.06.28"]
[Round "3"]
[White "Massam, Justin"]
[Black "Kerr, Carter"]
[Result "0-1"]
[WhiteElo "1479"]
[BlackElo "1485"]
[PlyCount "112"]
[EventDate "2023.06.14"]
[EventType "tourn"]
[EventRounds "5"]
[EventCountry "AUS"]
[TimeControl "3000+30"]

1. d4 Nf6 2. Nf3 d5 3. Bf4 c5 4. c3 Qb6 5. b3 c4 6. bxc4 Qb2 7. Nbd2 Bf5 8. Qc1
Qxc1+ 9. Rxc1 e6 10. cxd5 exd5 11. e3 Ba3 12. Bb5+ Nbd7 13. Rd1 Bc2 14. Ra1 Bb2
15. O-O Bxa1 16. Rxa1 O-O 17. Re1 Rac8 18. c4 dxc4 19. Nxc4 Bd3 20. Bxd7 Rxc4
21. Bb5 Rc3 22. Bxd3 Rxd3 23. Rc1 Nd5 24. Be5 Nc3 25. Kf1 Nxa2 26. Ra1 Nc3 27.
g3 Ra8 28. Bd6 a5 29. Ne1 Rd1 30. Rxd1 Nxd1 31. Nd3 b5 32. Ke2 Nc3+ 33. Ke1 b4
34. Bc5 b3 35. Ba3 Nb5 36. Bb2 a4 37. Kd1 a3 38. Ba1 b2 39. Bxb2 axb2 40. Nxb2
Ra1+ 41. Kc2 g5 42. d5 Rh1 43. h4 gxh4 44. gxh4 Rxh4 45. Kb3 Rh5 46. Kc4 Nc7
47. e4 Kf8 48. Kc5 Ke7 49. Kc6 Kd8 50. Nc4 Ne8 51. f3 Rh6+ 52. d6 Re6 53. Na5
Rxd6+ 54. Kc5 Rf6 55. Nc6+ Kc7 56. Ne5 h5 0-1

[Event "2023 Fred Maris Cup (Division D)"]
[Site "Woodvale, Perth WA AUS"]
[Date "2023.06.28"]
[Round "3"]
[White "Boswarva, Ernest"]
[Black "Wu, Kobe"]
[Result "1-0"]
[WhiteElo "1516"]
[BlackElo "1523"]
[PlyCount "113"]
[EventDate "2023.06.14"]
[EventType "tourn"]
[EventRounds "5"]
[EventCountry "AUS"]
[TimeControl "3000+30"]

1. d4 d5 2. e3 Nf6 3. Bd3 c5 4. c3 Nc6 5. f4 a6 6. Nd2 Bg4 7. Ngf3 e6 8. O-O
Be7 9. Qe1 O-O 10. Ne5 Nxe5 11. fxe5 Nd7 12. Qg3 Bh5 13. e4 c4 14. Bc2 Bg6 15.
Nf3 dxe4 16. Ng5 e3 17. Ne4 e2 18. Rf4 Bxe4 19. Rxe4 f5 20. exf6 Bxf6 21. Rxe2
Bh4 22. Qg4 Qf6 23. Be3 Rf7 24. g3 Bxg3 25. hxg3 h6 26. Rf2 Qe7 27. Rxf7 Qxf7
28. Rf1 Nf6 29. Qg6 Qxg6 30. Bxg6 Ng4 31. Bf7+ Kh7 32. Bf4 g5 33. Be5 Nxe5 34.
dxe5 Rf8 35. Bxe6 Rxf1+ 36. Kxf1 b5 37. Bd7 Kg7 38. Kf2 Kf7 39. Kf3 Ke7 40. e6
a5 41. Bxb5 Kxe6 42. Bxc4+ Kf5 43. g4+ Kg6 44. Bb5 h5 45. Be8+ Kf6 46. gxh5 Kg7
47. c4 a4 48. b4 axb3 49. axb3 Kh6 50. c5 g4+ 51. Kxg4 Kh7 52. c6 Kg7 53. c7
Kf6 54. c8=Q Kg7 55. Qd7+ Kh8 56. h6 Kg8 57. Qg7# 1-0

[Event "2023 Fred Maris Cup (Division D)"]
[Site "Woodvale, Perth WA AUS"]
[Date "2023.06.28"]
[Round "3"]
[White "Leech, Martin"]
[Black "Howard, Mark"]
[Result "1-0"]
[WhiteElo "1522"]
[BlackElo "1452"]
[PlyCount "103"]
[EventDate "2023.06.14"]
[EventType "tourn"]
[EventRounds "5"]
[EventCountry "AUS"]
[TimeControl "3000+30"]

1. e4 e5 2. Nf3 Nc6 3. d4 d6 4. Bc4 h6 5. O-O Nf6 6. Nc3 Bg4 7. Be3 exd4 8.
Bxd4 Nxd4 9. Qxd4 Bxf3 10. gxf3 Be7 11. Kh1 a6 12. Rg1 c5 13. Qe3 b5 14. Bd5
Nxd5 15. Nxd5 g5 16. Rad1 O-O 17. f4 Kh7 18. Nxe7 Qxe7 19. fxg5 h5 20. Qf3 Kg6
21. Qf5+ Kg7 22. Rd3 h4 23. Rh3 Rh8 24. Rg4 Rh5 25. Rgxh4 Rxh4 26. Rxh4 Rh8 27.
Qf6+ Qxf6 28. gxf6+ Kg8 29. Rg4+ Kf8 30. h4 Ke8 31. Kg2 Kd7 32. Kg3 Ke6 33. Rf4
Ke5 34. f3 d5 35. exd5 Kxd5 36. Rf5+ Kd4 37. c3+ Ke3 38. Rxc5 Rg8+ 39. Rg5 Rd8
40. h5 Rd1 41. Rg4 Rf1 42. Re4+ Kd3 43. h6 Rg1+ 44. Kh2 Rg6 45. Rh4 Rg8 46. h7
Rh8 47. Kg3 Kc2 48. Rh2+ Kd3 49. Kf4 Kc4 50. Kg5 Kd5 51. Kh6 Ke6 52. Kg7 1-0

[Event "2023 Fred Maris Cup (Division E)"]
[Site "Woodvale, Perth WA AUS"]
[Date "2023.06.28"]
[Round "3"]
[White "Brooke, John"]
[Black "Hounsome, David"]
[Result "0-1"]
[WhiteElo "1435"]
[BlackElo "1370"]
[PlyCount "123"]
[EventDate "2023.06.14"]
[EventType "tourn"]
[EventRounds "5"]
[EventCountry "AUS"]
[TimeControl "3000+30"]

1. e4 b6 2. Bc4 Bb7 3. d3 e6 4. a3 d5 5. Bb5+ c6 6. Ba4 b5 7. Bb3 dxe4 8. d4 c5
9. Be3 cxd4 10. Qxd4 Qxd4 11. Bxd4 Nc6 12. Be3 Nf6 13. Nc3 a6 14. O-O-O Be7 15.
Nge2 O-O 16. h3 Rad8 17. Rde1 Rd7 18. g4 h6 19. Na2 Ne5 20. Ng1 Bd5 21. Bxd5
exd5 22. Bd4 Nc6 23. Be3 Re8 24. c3 Ne5 25. Bf4 Nd3+ 26. Kd2 Nxf4 27. Nb4 Bxb4
28. axb4 Nd3 29. Ra1 Nxb2 30. Rxa6 Nc4+ 31. Ke2 Rde7 32. Ra1 e3 33. f4 Ne4 34.
Rh2 Nxc3+ 35. Ke1 Re4 36. f5 d4 37. Ne2 Nxe2 38. Kxe2 Ne5 39. Rhh1 d3+ 40. Kf1
e2+ 41. Kf2 d2 42. f6 e1=Q+ 43. Rhxe1 dxe1=Q+ 44. Rxe1 Rxe1 45. Kxe1 gxf6 46.
Kd2 Rc8 47. Ke3 Rc4 48. Kd2 Rxb4 49. Kc3 Rf4 50. g5 hxg5 51. Kb3 Rf3+ 52. Kb4
Rxh3 53. Kxb5 Rd3 54. Kc5 g4 55. Kb6 g3 56. Kc7 g2 57. Kb6 g1=Q+ 58. Kb5 Qc1
59. Kb4 Qc4+ 60. Ka5 Nc6+ 61. Kb6 Rb3+ 62. Kc7 0-1

[Event "2023 Fred Maris Cup (Division E)"]
[Site "Woodvale, Perth WA AUS"]
[Date "2023.06.28"]
[Round "3"]
[White "Porteus, Grant"]
[Black "Powell, Darren"]
[Result "1-0"]
[WhiteElo "1381"]
[BlackElo "1337"]
[PlyCount "71"]
[EventDate "2023.06.14"]
[EventType "tourn"]
[EventRounds "5"]
[EventCountry "AUS"]
[TimeControl "3000+30"]

1. d4 d5 2. Bf4 Nf6 3. e3 a6 4. Bd3 e6 5. Nf3 Nc6 6. c3 Bd7 7. Nbd2 h6 8. Qb3
Na5 9. Qc2 Nc6 10. a3 b5 11. b4 Ne7 12. Nb3 Nf5 13. Ne5 Nh5 14. Nc5 Bxc5 15.
bxc5 Nxf4 16. exf4 c6 17. O-O Ne7 18. a4 a5 19. Rfe1 Ra7 20. h3 h5 21. f5 Ng8
22. fxe6 Bxe6 23. Nxc6 Qc7 24. Nxa7 Qxa7 25. Bxb5+ Kd8 26. c4 Nf6 27. cxd5 Bxd5
28. Qe2 Ne4 29. Rac1 Qc7 30. f3 Nf6 31. c6 Re8 32. Qd2 Rxe1+ 33. Qxe1 h4 34.
Qxh4 Qb6 35. c7+ Kc8 36. Qh8+ 1-0

[Event "2023 Fred Maris Cup (Division F)"]
[Site "Woodvale, Perth WA AUS"]
[Date "2023.06.28"]
[Round "3"]
[White "Lanham, Bruce"]
[Black "Curtis, Calan"]
[Result "0-1"]
[WhiteElo "1206"]
[BlackElo "1300"]
[PlyCount "62"]
[EventDate "2023.06.14"]
[EventType "swiss"]
[EventRounds "6"]
[EventCountry "AUS"]
[TimeControl "3000+30"]

1. d4 e6 2. Nf3 d5 3. g3 c5 4. Bg2 Nc6 5. O-O Nf6 6. c4 cxd4 7. cxd5 Nxd5 8.
Nxd4 Bd7 9. Nxc6 Bxc6 10. e4 Nf6 11. e5 Nd5 12. Re1 Bc5 13. Nd2 Bxf2+ 14. Kxf2
Qb6+ 15. Kf1 Bb5+ 16. Re2 Ne3+ 17. Ke1 Nxd1 18. Kxd1 Bxe2+ 19. Kxe2 O-O 20. Nf3
Rac8 21. b3 Qb5+ 22. Kf2 Rc2+ 23. Bd2 Rd8 24. Bf1 Qb4 25. Rd1 Rdxd2+ 26. Nxd2
Rxd2+ 27. Rxd2 Qxd2+ 28. Be2 Qxa2 29. b4 b6 30. h4 a5 31. bxa5 bxa5 0-1

[Event "2023 Fred Maris Cup (Division F)"]
[Site "Woodvale, Perth WA AUS"]
[Date "2023.06.28"]
[Round "3"]
[White "Owen, Geoffrey"]
[Black "Young, Manfred"]
[Result "1-0"]
[WhiteElo "1030"]
[BlackElo "1090"]
[PlyCount "59"]
[EventDate "2023.06.14"]
[EventType "swiss"]
[EventRounds "6"]
[EventCountry "AUS"]
[TimeControl "3000+30"]

1. e4 e6 2. d4 c6 3. Nf3 h6 4. Bd3 d5 5. e5 c5 6. Be3 Qa5+ 7. Bd2 Qb6 8. b3
cxd4 9. O-O Nc6 10. c3 dxc3 11. Nxc3 Qc7 12. Re1 a6 13. a3 Bc5 14. b4 Ba7 15.
Be3 Nxe5 16. Nxe5 Qxe5 17. Bxa7 Qxc3 18. Rc1 Qxa3 19. Bc5 b6 20. Bd6 Bd7 21. f4
Ne7 22. f5 Nc8 23. Be5 Qxb4 24. fxe6 Bxe6 25. Bf5 O-O 26. g4 Bxf5 27. gxf5 Ne7
28. f6 Nf5 29. Qf3 Nd4 30. Qg4 1-0

[Event "2023 Fred Maris Cup (Division F)"]
[Site "Woodvale, Perth WA AUS"]
[Date "2023.06.28"]
[Round "3"]
[White "Ross, Leo"]
[Black "Rennie, Mike"]
[Result "1-0"]
[WhiteElo "1335"]
[BlackElo "891"]
[PlyCount "135"]
[EventDate "2023.06.14"]
[EventType "swiss"]
[EventRounds "6"]
[EventCountry "AUS"]
[TimeControl "3000+30"]

1. e4 e5 2. f4 d6 3. Nf3 Nc6 4. Bc4 Be6 5. Bxe6 fxe6 6. O-O exf4 7. d4 Be7 8.
Bxf4 Nf6 9. Nc3 Qd7 10. a3 Na5 11. Qd3 a6 12. e5 Nd5 13. Nxd5 exd5 14. exd6
cxd6 15. Rae1 Nc6 16. Bg5 O-O 17. c3 Rae8 18. Qc2 b5 19. Qb3 Rf5 20. Bh4 Na5
21. Qc2 Nc4 22. b3 Nxa3 23. Qb2 b4 24. cxb4 Nb5 25. Bxe7 Rxe7 26. Qa2 Nc7 27.
Rxe7 Qxe7 28. Re1 Qf6 29. Qa5 Qf7 30. Qb6 Ne6 31. Qb8+ Nf8 32. Qxd6 Qf6 33. Qc5
h6 34. b5 Nd7 35. Qc8+ Nf8 36. bxa6 Rxf3 37. gxf3 Qxd4+ 38. Kf1 Qd3+ 39. Kf2
Qd2+ 40. Re2 Qd4+ 41. Kg2 Qd3 42. Qc2 Qxa6 43. b4 Qb5 44. Qb2 Qb6 45. b5 d4 46.
Qb3+ Kh7 47. Rc2 Qg6+ 48. Kf2 d3 49. Rd2 Qb6+ 50. Kf1 Qe3 51. Qxd3+ Qxd3+ 52.
Rxd3 Ne6 53. b6 Nc5 54. Rd5 Nb7 55. Rd7 Na5 56. Ra7 Nc6 57. Ra6 Nb8 58. Ra7 h5
59. Ra8 Nc6 60. b7 g5 61. Rc8 Na7 62. b8=Q Nxc8 63. Qxc8 h4 64. Qd7+ Kh6 65.
Qe6+ Kh5 66. Qg4+ Kg6 67. f4 Kf6 68. Qxg5+ 1-0

[Event "2023 Fred Maris Cup (Division F)"]
[Site "Woodvale, Perth WA AUS"]
[Date "2023.06.28"]
[Round "3"]
[White "Bordas, Lindsay"]
[Black "Jahn, Harold"]
[Result "1-0"]
[WhiteElo "1122"]
[BlackElo "1081"]
[PlyCount "25"]
[EventDate "2023.06.14"]
[EventType "swiss"]
[EventRounds "6"]
[EventCountry "AUS"]
[TimeControl "3000+30"]

1. e4 e5 2. Nf3 f6 3. Bc4 Bc5 4. d4 Bb6 5. dxe5 Qe7 6. exf6 Nxf6 7. e5 Ne4 8.
Be3 d6 9. Qd5 Bf5 10. Qxb7 Qd8 11. Qxa8 dxe5 12. Qd5 Nd7 13. Qf7# 1-0

[Event "2023 Fred Maris Cup (Division F)"]
[Site "Woodvale, Perth WA AUS"]
[Date "2023.06.28"]
[Round "3"]
[White "Overste, Brian"]
[Black "Frankland, David"]
[Result "0-1"]
[WhiteElo "972"]
[BlackElo "1098"]
[PlyCount "134"]
[EventDate "2023.06.14"]
[EventType "swiss"]
[EventRounds "6"]
[EventCountry "AUS"]
[TimeControl "3000+30"]

1. e4 e5 2. Nf3 d6 3. c4 c5 4. Nc3 Nf6 5. d3 h6 6. Be2 Bd7 7. Qb3 b6 8. h3 Nc6
9. a3 Na5 10. Qc2 Be7 11. b4 Nb7 12. b5 Na5 13. O-O O-O 14. a4 Be6 15. Qd1 Nh7
16. Nh2 Bg5 17. Bg4 Bxc1 18. Bxe6 fxe6 19. Qg4 Bb2 20. Rab1 Bxc3 21. Qxe6+ Kh8
22. Rfc1 Bd4 23. Rc2 Ng5 24. Qg4 Qc8 25. Qh5 Qe8 26. Qg4 Rf4 27. Qd1 h5 28. h4
Ne6 29. g3 Qg6 30. Kf1 Rf7 31. Nf3 Raf8 32. Kg2 Nf4+ 33. Kh2 Qg4 34. Ng5 Qxd1
35. Nxf7+ Rxf7 36. Rxd1 Ne6 37. Kg2 g5 38. hxg5 Nxg5 39. Rh1 Rh7 40. Rh4 Kg7
41. Rc1 Kg6 42. Rch1 Nb3 43. f4 exf4 44. gxf4 Nf7 45. R1h3 Kg7 46. Rg3+ Kh8 47.
Rg6 Nc1 48. Rh3 Ne2 49. Rh4 Nc3 50. Re6 Rg7+ 51. Kf3 Rh7 52. Re8+ Kg7 53. Re7
Bf6 54. Rxf7+ Kxf7 55. Rh3 Nxa4 56. Rh2 h4 57. Ra2 Nb2 58. Rxa7+ Kg6 59. Ra6
Bd8 60. Ra8 Bf6 61. Ra2 Nxd3 62. Rg2+ Kf7 63. Rg1 Rg7 64. Ke2 Rxg1 65. Kxd3 h3
66. e5 dxe5 67. fxe5 Bxe5 0-1

[Event "2023 Fred Maris Cup (Division F)"]
[Site "Woodvale, Perth WA AUS"]
[Date "2023.06.28"]
[Round "3"]
[White "May, Wendy"]
[Black "Markou, Victor"]
[Result "0-1"]
[WhiteElo "914"]
[BlackElo "1039"]
[PlyCount "61"]
[EventDate "2023.06.14"]
[EventType "swiss"]
[EventRounds "6"]
[EventCountry "AUS"]
[TimeControl "3000+30"]

1. e4 e5 2. Nf3 d6 3. d4 Nd7 4. d5 Ngf6 5. Nc3 g6 6. Ng5 Bg7 7. Be2 O-O 8. Be3
Re8 9. Qd2 c6 10. dxc6 Nc5 11. Bb5 Re7 12. b4 Ne6 13. O-O a6 14. cxb7 Bxb7 15.
Bc4 Rc8 16. Bxe6 fxe6 17. f4 exf4 18. Bxf4 e5 19. Be3 h6 20. Nd5 Nxd5 21. Nh3
Nf6 22. Bxh6 Ng4 23. Bg5 Qb6+ 24. Nf2 Rf7 25. Bh4 Nxf2 26. Bxf2 Qc6 27. Rae1
Rd7 28. Qg5 Rf7 29. Qxg6 Qe8 30. Bh4 Rc6 31. Bf6 {Scoresheet not clear} 0-1

[Event "2023 Fred Maris Cup (Division A)"]
[Site "Woodvale, Perth WA AUS"]
[Date "2023.07.05"]
[Round "4"]
[White "Plaganyi, Gyula"]
[Black "Gibson, Jacob"]
[Result "0-1"]
[WhiteElo "1972"]
[WhiteTitle "CM"]
[BlackElo "1987"]
[PlyCount "62"]
[EventDate "2023.06.14"]
[EventType "tourn"]
[EventRounds "5"]
[EventCountry "AUS"]
[TimeControl "3000+30"]

1. d4 d5 2. Bf4 c5 3. Nc3 Nf6 4. Nf3 Nc6 5. e3 a6 6. Be2 Bf5 7. O-O h6 8. Qd2
e6 9. a3 Nh5 10. Be5 Nf6 11. Rfd1 Nxe5 12. Nxe5 Bd6 13. f4 O-O 14. g4 Ne4 15.
Nxe4 Bxe4 16. Nf3 Qf6 17. c3 Rac8 18. Rac1 Rc7 19. Rf1 Rfc8 20. Ne5 Bxe5 21.
dxe5 Qg6 22. Qe1 d4 23. cxd4 cxd4 24. Rxc7 Rxc7 25. exd4 Rc2 26. h4 Bd3 27. f5
exf5 28. Rf2 Bxe2 29. Rxe2 Qxg4+ 30. Kf1 Qf3+ 31. Rf2 Qh1# 0-1

[Event "2023 Fred Maris Cup (Division A)"]
[Site "Woodvale, Perth WA AUS"]
[Date "2023.07.05"]
[Round "4"]
[White "Saxon, Marc"]
[Black "Lakner, Jay"]
[Result "0-1"]
[WhiteElo "2053"]
[BlackElo "2144"]
[PlyCount "110"]
[EventDate "2023.06.14"]
[EventType "tourn"]
[EventRounds "5"]
[EventCountry "AUS"]
[TimeControl "3000+30"]

1. e4 d5 2. exd5 Qxd5 3. Nc3 Qd8 4. Bc4 c5 5. Nf3 Nc6 6. d3 e6 7. g4 a6 8. Qe2
Nd4 9. Nxd4 cxd4 10. Ne4 b5 11. Bb3 Bb7 12. Rg1 Qc7 13. Ng5 Bb4+ 14. Kd1 Qxh2
15. Rf1 Qg2 16. Bxe6 Kf8 17. Bf5 Re8 18. Be4 Bxe4 19. Nxe4 g6 20. f3 Qxe2+ 21.
Kxe2 f5 22. Bd2 Bxd2 23. Kxd2 fxe4 24. fxe4+ Kg7 25. a4 b4 26. a5 Nf6 27. g5
Nd7 28. c3 bxc3+ 29. bxc3 dxc3+ 30. Kxc3 Re5 31. Kd4 Rxg5 32. Rac1 Rxa5 33. Rc7
Rd8 34. e5 Rxe5 35. Rxd7+ Rxd7+ 36. Kxe5 Rxd3 37. Ra1 Rf3 38. Rxa6 h5 39. Ke4
Rf6 40. Ra5 Kh6 41. Ra8 Kg5 42. Rg8 h4 43. Ke5 Rf5+ 44. Ke4 h3 45. Ke3 Rf7 46.
Rh8 Kg4 47. Rh6 g5 48. Rh8 Kg3 49. Ra8 Re7+ 50. Kd3 g4 51. Ra1 h2 52. Rc1 Kg2
53. Rc2+ Kh3 54. Rc1 g3 55. Rc8 h1=Q 0-1